Nueva tecnologías y empleo en el grupo INI (Registro nro. 22610)

Detalles MARC
000 -LEADER
fixed length control field 00450 a2200133 4500
001 - CONTROL NUMBER
control field ART_4727
005 - DATE AND TIME OF LATEST TRANSACTION
control field 20260410161824.0
008 - FIXED-LENGTH DATA ELEMENTS--GENERAL INFORMATION
fixed length control field 260409a
100 1# - MAIN ENTRY--PERSONAL NAME
Personal name Cuenca Valdivia, Miguel
245 10 - TITLE STATEMENT
Title Nueva tecnologías y empleo en el grupo INI
700 1# - ADDED ENTRY--PERSONAL NAME
Personal name Núñez Domingo, Pedro Pablo
700 1# - ADDED ENTRY--PERSONAL NAME
Personal name García Gotor, María Dolores
773 0# - HOST ITEM ENTRY
Title Revista de trabajo
Related parts Formación profesional - Año 1, Nº 1 (mar./abr. 1994)
Record control number REV4713

No hay ítems disponibles.